Дело об учреждении на пожертвованный статским советником Бобановским капитал стипендии в одном из высших учебных заведений импер...

Доступно только в Электронных читальных залах Найти на картеНа карте
RUSMARC
00003782nmc2a22000003x 450
001c711b3a5-f186-4a0a-b6d7-f38a6bba1dfc
00520180711050626.0
100##$a20160414l18671868k l0rusy0189 ca
1010#$arus
102##$aRU
2001#$aДело об учреждении на пожертвованный статским советником Бобановским капитал стипендии в одном из высших учебных заведений империи
$j29 ноября 1867 г. - 20 апреля 1868 г.
251##$cДело
300##$aДело
801#0$aRU
$bРГИА
$c20160414
$gRCR
801#1$aRU
$bГлавНИВЦ
$c20160414
$2rusmarc
801#2$aRU
$bПБ им. Б.Н. Ельцина
$c20180711
$gRCR
$2rusmarc
850##$aРГИА
852##$aРГИА
$eФедеральное казенное учреждение "Российский государственный исторический архив" (РГИА)
$j694
937##$hРГИА
$d12195660
$aASBIBLIO_SCAN
462#0$100175ee99a9-5750-4f16-9283-bc673fb37de8
$12001
$aДела разряда высших учебных заведений Департамента народного просвещения за 1838-1872 гг.
$1251
$cОпись
$1852
$j147
461#0$1001a74412a3-3cc5-4d21-8f0a-dfe2fbd9e72d
$12001
$aДепартамент народного просвещения Министерства народного просвещения (1803-1917)
$1251
$cФонд
$1852
$j733
215##$a15 л.
$d36,5х26 см
371##$aДокумент не является опубликованным и широко распространяемым
105##$ay###
1222#$ad
035##$ac711b3a5-f186-4a0a-b6d7-f38a6bba1dfc
856##$uhttp://readingroom.main.prlib.ru/item.aspx?id_node=n117078958&mode=full
Формат отображения